000 01880cam a22003855a 4500
999 _c531982
_d531982
001 18442538
003 NUST
005 20191105151441.0
008 150108s2012 nyua 000 0 eng d
010 _a 2015655009
016 7 _a015973496
_2Uk
020 _a9780071777117 (pbk. : alk. paper)
020 _a0071777113 (pbk. : alk. paper)
035 _a(OCoLC)ocn748332965
038 _aMSOHAIL
040 _aBTCTA
_beng
_cBTCTA
_dUKMGB
_dCDT
_dBDX
_dYDXCP
_dBWX
_dCDX
_dNTE
_dCGP
_dOCLCQ
_dDLC
042 _alccopycat
043 _an-us---
050 0 0 _aTA159
_b.G58 2012
082 0 4 _a624.076
_223
100 1 _aGoswami, Indranil.
_925213
245 1 0 _aCivil engineering PE practice exams :
_bbreadth and depth /
_cIndranil Goswami.
246 1 4 _aAll-in-one civil engineering PE practice exams, breadth and depth
260 _aNew York :
_bMcGraw-Hill,
_c©2012.
300 _axiii, 334 pages :
_billustrations ;
_c28 cm
336 _atext
_btxt
_2rdacontent
337 _aunmediated
_bn
_2rdamedia
338 _avolume
_bnc
_2rdacarrier
520 _aThis book contains 280 questions divided into seven 40-question clusters. There are two breadth exams representative of the NCEES guidelines for the principles and practice of civil engineering. These exams are followed by five depth exams: structural depth; geotechnical depth; water resources and environmental depth; transportation depth; and construction depth. Detailed solutions for all of these exams are provided --
_cSource other than Library of Congress.
650 0 _aCivil engineers
_xCertification
_zUnited States
_vStudy guides.
_925214
650 0 _aCivil engineering
_xExaminations
_vStudy guides.
_925215
906 _a7
_bcbc
_ccopycat
_d3
_encip
_f20
_gy-gencatlg
942 _2ddc
_cBK